Building regulations in brief (Record no. 115112)

MARC details
000 -LEADER
fixed length control field 00942cam a22002775a 4500
001 - CONTROL NUMBER
control field L158060
008 - FIXED-LENGTH DATA ELEMENTS--GENERAL INFORMATION
fixed length control field 110124s2012 xxk f 001 0 eng d
020 ## - INTERNATIONAL STANDARD BOOK NUMBER
International Standard Book Number 9780415809696
035 ## - SYSTEM CONTROL NUMBER
System control number (Sirsi) u158060
041 0# - LANGUAGE CODE
Language code of text/sound track or separate title eng
050 04 - LIBRARY OF CONGRESS CALL NUMBER
Classification number 343.4207869 $2 18
100 1# - MAIN ENTRY--PERSONAL NAME
Personal name Tricker, Ray
245 00 - TITLE STATEMENT
Title Building regulations in brief
250 ## - EDITION STATEMENT
Edition statement 7th ed.
260 ## - PUBLICATION, DISTRIBUTION, ETC.
Place of publication, distribution, etc. London
Name of publisher, distributor, etc. Butterworth-Heinemann
Date of publication, distribution, etc. 2012
520 ## - SUMMARY, ETC.
Summary, etc. A reference manual to the requirements of the Building Regulations covering cost-effective ways to comply with the requirements. This new edition includes the new Part G documents (sanitation, hot water safety and water efficiency).
520 ## - SUMMARY, ETC.
Summary, etc. Supersedes sixth edition
521 ## - TARGET AUDIENCE NOTE
Target audience note Advanced
590 ## - LOCAL NOTE (RLIN)
Local note KA
650 24 - SUBJECT ADDED ENTRY--TOPICAL TERM
Topical term or geographic name entry element BUILDING ACT 1984
650 24 - SUBJECT ADDED ENTRY--TOPICAL TERM
Topical term or geographic name entry element BUILDING REGULATIONS 2000
651 #4 - SUBJECT ADDED ENTRY--GEOGRAPHIC NAME
Geographic name England and Wales
Chronological subdivision 1543-
690 ## - LOCAL SUBJECT ADDED ENTRY--TOPICAL TERM (OCLC, RLIN)
Topical term or geographic name as entry element Building regulations
9 (RLIN) 6224
700 1# - ADDED ENTRY--PERSONAL NAME
Personal name Alford, Samantha
942 ## - ADDED ENTRY ELEMENTS (KOHA)
Suppress in OPAC 0
Holdings
Withdrawn status Lost status Source of classification or shelving scheme Damaged status Not for loan Home library Current library Shelving location Date acquired Total Checkouts Full call number Barcode Date last seen Copy number Price effective from Koha item type
    Dewey Decimal Classification     London London Basement 05/03/2014   BASEMENT 61 30075162 06/08/2019 1 06/08/2019 Book